Arvaa biisi - emojit - Statistics

Yleistilastot
  • Tätä visaa on pelattu 645 kertaa
  • Keskiarvotulos 11 / 24
Vastaustilastot
Hint Vastaus % Oikein
🦁👑 Leijonakuningas
87%
🐘⚖ Elefantin paino
86%
💎🟰♾️ Timantit on ikuisia
86%
💯⚡️🔥 Sata salamaa
83%
✍🏻👉🏻🙎🏽‍♀️🎶⏳2️⃣0️⃣8️⃣0️⃣🔟 2080-luvulla
82%
🍫❤️ Suklaasydän
81%
👩👩🚫🎸 Tytöt ei soita kitaraa
70%
🤴🏻🐍 Kuningaskobra
68%
☕️🍼 Kahvimaitoa
63%
❤️🟰❄️⬜ Rakkaus on lumivalkoinen
63%
🇫🇮⚪☁️⬇️ Suomen muotoisen pilven alla
63%
1️⃣🧚🏼‍♀️📓 Yksinäisen keijun tarina
47%
👋😘 Hei rakas
46%
👀🟦☁️ Katson sineen taivaan
38%
🔥💧 Palavaa vettä
35%
🙋🏼‍♀️❌😱⬛ En pelkää pimeää
16%
🇫🇮👱🏻‍♂️😢😢 Suomalaisen miehen kyyneleet
12%
👉🙎‍♀️🗣👼👼 Sä puhuit enkeleistä
11%
🙋‍♀️❤️🤒💔 Mun sydän
5%
👹⛈️🦅🦅 Pahanilmanlinnut
5%
💥💪 Supervoimii
4%
🙋‍♂️➡️👩☺️ Syypää sun hymyyn
3%
🚗📻👉🏻🙎🏽‍♀️☺️🎵 😡➕🙂 Hei sisko
1%
👥️🗣🦋🦋🙋‍♀️❌️🐝🦟🙋‍♀️🫃 Perillä
0%
Ehtoja vastaavia visoja ei löytynyt
Tulosjakauma
Jokaisen tuloksen saaneiden osuus
Persentiili vastausten määrän mukaan
Tuloshistoriasi
Et ole pelannut tätä visaa